| 000 | 003440000a22000970004500 | ||
|---|---|---|---|
| 100 | 1 | _aAllende, Fernando | |
| 245 | 1 | 0 | _aLa segunda Rushide : La escritora Taslima Narsrim, de Bangladesh, en la mira de los asesinos fundamentalistas por criticar el Corán |
| 300 | _aVol. 60, Num. 60 (Agosto, 1994), Página 62 | ||
| 773 | 0 | _tCambio 16 | |
| 942 | _cANA | ||
| 999 |
_c58573 _d58573 |
||